| 000 | 00000nam##2200000za#4500 |
| 001 | 9.580879 |
| 003 | CaOODSP |
| 005 | 20210624191243 |
| 007 | cr ||||||||||| |
| 008 | 150406|1994||||xxc|||||o f|0| 0 eng|d |
| 040 | |aCaOODSP|beng |
| 043 | |an-cn--- |
| 086 | 1 |aRv55-5/11-4-19-1994E-PDF |
| 110 | 2 |aCanada Border Services Agency. |
| 245 | 10|aRegulations respecting the determination of when goods are entitled to the benefit of the United States tariff, Mexico tariff or Mexico-United States tariff |h[electronic resource] |
| 246 | 1 |iShort title : |aNAFTA Tariff Preference Regulations |
| 260 | |aOttawa - Ontario : |bCanada Border Services Agency |
| 300 | |a27p. |
| 490 | 1 |aCustoms D memoranda. D11, General tariff information |vD11-4-19, January 1, 1994 |
| 590 | |a14-17-Supp|b2014-10-09 |
| 775 | 08|tRèglement concernant la détermination du droit au bénéfice du tarif des États-Unis, du tarif du Mexique ou du tarif Mexique-États-Unis |w(CaOODSP)9.607817 |
| 830 | #0|aCustoms D memoranda. D11, General tariff information ;|vD11-4-19, January 1, 1994|w(CaOODSP)9.816825 |
| 856 | 40|ahttp://publications.gc.ca|qPDF|s31 KB|uhttps://publications.gc.ca/collections/collection_2014/asfc-cbsa/Rv55-5-11-4-19-1994-eng.pdf|yD11-4-19, January 1, 1994 |